000 00467nam a2200157 4500
999 _c5348
_d5348
008 161020b xxu||||| |||| 00| 0 eng d
022 _a9770118389007
082 _aDPer 641.05 F73 Mar-Nov 2012
100 _916565
_aDe Rivera, Angeli
245 _aMid-morning revelry/
_cAngeli De Rivera.
260 _aQuezon City:
_bABS CBN Publishing, Inc.,
_c©2012.
300 _apages 56-57;
_c30 cm.
500 _aFood.
650 0 _916566
_aMenus
942 _2ddc
_cPER